00441nam a2200145Ia 4500008004100000041000800041082001200049100002000061245002300081260002900104300002400133365000700157999001700164952011400181240624s9999 xx 000 0 und d aeng a828 MOD aMODIANO PATRICK aOCCUPATION TRILOGY c2015aLondonbBloomsbury a336 : p. : cm. ; 24 cRS c25848d25848 00104070aIMTNbIMTNcRack 42-Ad2015-11-30g523.00o828 MODp25848r2024-06-24 00:00:00t1w2024-06-24yBK